[Event "32nd European Club Cup"]
[Site "Novi Sad"]
[Date "2016.11.10"]
[Round "5.57"]
[White "Powell, Lloyd"]
[Black "Van Kemenade, Rudy"]
[Result "1/2-1/2"]
[WhiteElo "2072"]
[BlackElo "1969"]
[PlyCount "81"]
[EventDate "2016.11.06"]
[WhiteTeam "ABE"]
[BlackTeam "CAR"]

1. d4 Nf6 2. Nf3 g6 3. c4 Bg7 4. Nc3 O-O 5. e4 d6 6. Be2 e5 7. O-O Nc6 8. d5
Ne7 9. Nd2 Ne8 10. b4 f5 11. c5 Kh8 12. f3 f4 13. Nc4 g5 14. a4 Rf7 15. Ba3 Bf8
16. a5 Ng6 17. Ra2 h5 18. h3 Rg7 19. b5 dxc5 20. b6 cxb6 21. axb6 a6 22. Na4
Nd6 23. Nxd6 Bxd6 24. Rb2 Qe7 25. Rc2 g4 26. fxg4 hxg4 27. Bxg4 Bxg4 28. Qxg4
Nh4 29. Qe6 Qg5 30. g4 Rd8 31. Bxc5 Re7 32. Qxd6 Rxd6 33. Bxd6 Rd7 34. Bc7 f3
35. Nc5 Qf4 36. Nxd7 Qg3+ 37. Kh1 Qxh3+ 38. Kg1 Qxg4+ 39. Kh1 Qh3+ 40. Kg1 Qg3+
41. Kh1 1/2-1/2

[Event "32nd European Club Cup"]
[Site "Novi Sad"]
[Date "2016.11.06"]
[Round "1.29"]
[White "Williams, A. Howard"]
[Black "Arnaudov, G. Petar"]
[Result "0-1"]
[WhiteElo "2323"]
[BlackElo "2471"]
[Annotator "Rudy"]
[PlyCount "69"]
[EventDate "2016.11.06"]
[WhiteTeam "CAR"]
[BlackTeam "GAM"]

1. d4 Nf6 2. c4 Nc6 {The Two Knights Tango} 3. Nf3 {main} e6 4. g3 (4. Nc3) (4.
a3) 4... d5 5. Bg2 {transposing to a popular line of the Catalan. Bologan 2012:
137 assesses that while the Bl N obstructs the c pawn, it does develop,
pressures d4 & hampers Wh's usual plan of Ne5} dxc4 6. Qa4 Bb4+ 7. Bd2 Nd5 {
main line discussed in Davies2009:145} (7... Bd6 {is the only move discussed
in Bologan & has been played by top GMs}) 8. Bxb4 {1, 483 games with this,
though Davies thinks that it "doesn't seemto trouble BlacK unduly"} (8. Qb5 {
Davies recommendation "This makes an interesting gambit out of it,with White
gettoing positional compensation"}) 8... Ndxb4 9. O-O (9. a3 b5 $1 {good for
Bl; Davies}) 9... Rb8 10. Nc3 (10. Na3 {alternative played}) 10... a6 11. a3 {
looks a little slow, 8 games} (11. Ne5 {mainline, chosen by Cloud Engines &
discussed in Davies as level [ Wh regains the c4 pawn after the exchanges on c6
}) 11... b5 12. Qd1 Nd5 13. Ne4 {Komodo10} (13. e4 Nxc3 (13... Nb6 $15 {
Komodo10}) 14. bxc3 $15 {one result in each category}) 13... Nf6 $146 (13...
O-O 14. e3 (14. Rc1 Rb6 15. Nc5 Nf6 16. e3 Qe7 17. b3 cxb3 18. Qxb3 $11 {
Petursson-Chabanon. ISL-FRA m Paris 2004,1-0}) (14. Qc2 f5 15. Nc3 Bb7 16. Rfd1
Na5 $17 {Kaidanov-Bykhovsky, New York Manhattan 1990,1/2-1/2}) 14... Qe7 15.
Qc2 (15. b3 $11 {Komodo10}) 15... e5 16. Neg5 Nf6 17. d5 Nd8 18. Rad1 Nb7 $17 {
Pham-Sukander, Asia ch women, Mashdad 2011,1/2-1/2}) 14. Nc5 $11 (14. Nxf6+
Qxf6 15. b3 cxb3 16. Qxb3 O-O 17. Qc3 $11 {Komodo10}) 14... Nd7 15. Ne4 (15.
Nxd7 Qxd7 16. b3 $11 {Komodo10}) 15... Bb7 16. Qc2 O-O $15 17. Rad1 Qe7 18. Nc3
Nb6 19. e4 Na5 $17 {Bl now seems to have more effective piece placement, as
well as an extra pawn} 20. Rfe1 h6 21. d5 e5 22. Nh4 {trying for Wh square
pressure} Nb3 (22... g6 $17) (22... Bc8 $17 {both Komodo10}) 23. Nf5 Qc5 $17
24. Ne2 Bc8 {allowing a freeing tactic} (24... Na4 25. Nc3 Nxc3 26. Qxc3 Rbe8
$17 {Komodo10}) 25. Qc3 (25. Nc1 $1 Bxf5 (25... Nxc1 26. b4 $1 {traps the Q!})
(25... Nd4 26. Nxd4 exd4 27. Nb3 d3 28. Nxc5 dxc2 29. Rd2 $11 {and Wh regains
the pawn}) 26. Nxb3 Qd6 27. exf5 cxb3 28. Qxb3 $11 {Komodo10}) 25... Bxf5 26.
exf5 Rfe8 $17 27. h3 Rbd8 (27... Na4 28. Qc2 Nd4 $19 {Komodo10}) 28. Qe3 Nd4 (
28... Qxe3 29. fxe3 Na4 $19) (28... Na4 $19) 29. Nc3 Qf8 30. Be4 Nb3 31. Bc2 b4
(31... Nd4 $17) 32. Bxb3 (32. axb4 $1 Nd4 (32... Qxb4 33. Bxb3 cxb3 34. f6 Nc4
35. Qf3 g6 36. Re4 Qc5 37. Qe2 Nd6 38. Rxe5 Rxe5 39. Qxe5 $11 {Komodo10}) 33.
Be4 Qxb4 34. f6 Qxb2 35. g4 Rd6 36. fxg7 Kxg7 $15 {Komodo10}) 32... bxc3 $19
33. Bxc4 c2 34. d6 (34. Rc1 Nxc4) 34... cxd1=Q (34... Nxc4 $1 $19) 35. Rxd1 0-1

[Event "32nd European Club Cup"]
[Site "Novi Sad"]
[Date "2016.11.06"]
[Round "1.29"]
[White "Percivaldi, Martin"]
[Black "Jones, Iolo C"]
[Result "1-0"]
[WhiteElo "2373"]
[BlackElo "2172"]
[Annotator "Rudy"]
[PlyCount "115"]
[EventDate "2016.11.06"]
[WhiteTeam "GAM"]
[BlackTeam "CAR"]

1. d4 Nf6 2. c4 e6 3. Nf3 Bb4+ 4. Bd2 Qe7 5. g3 O-O (5... Nc6) 6. Bg2 Bxd2+ 7.
Qxd2 d6 8. Nc3 Nbd7 (8... e5) 9. O-O c6 10. e4 e5 11. Rfe1 Re8 12. Rad1 Nb6 {
Cloud Engines; Bl'sposition is very solid, albeit a little passive} (12... Nf8
{a little more frequent}) 13. b3 Bg4 14. h3 Bxf3 {main} (14... Bh5 15. Re3 (15.
g4 Bg6 16. Nh4 $14 {Komodo10}) 15... Bxf3 16. Bxf3 Nbd7 17. Bg2 Nf8 18. d5 c5
$11 {Kjolberg-Jones, European Seniors tm 2016,1/2-1/2}) 15. Bxf3 Rad8 16. Bg2
Nh5 {Not clear where this N is going} (16... Nbd7 {Cloud Engines}) (16... Nfd7
17. Kh2 Nf8 18. d5 c5 19. h4 {Hecht-James, Wld ch Seniors tm 2004,1-0}) (16...
c5 17. d5 Nbd7 18. Rf1 Rf8 19. Rde1 g6 $11 {Baryshpolets-Dolezal, Pardubice op
2007,0-1}) 17. Kh2 (17. Bf3 Nf6 18. Kh2 a5 19. Bg2 a4 20. Nxa4 Nxa4 21. bxa4 c5
{Opocensky-Weiner, CZE ch Jablonec, 1954, draw agreed}) 17... g6 18. Qe3 Ng7
19. f4 Ne6 20. Ne2 c5 21. dxe5 dxe5 $11 22. fxe5 Rxd1 23. Rxd1 Qg5 $6 (23...
Nd7 24. Nf4 Nxe5 25. Nd5 Qd8 $11 {Komodo10}) (23... Rd8 24. Rxd8+ Qxd8 25. Nf4
Nd4 26. e6 fxe6 27. e5 Nd7 28. Bxb7 Qa5 29. Qf2 Qc7 30. Bg2 Qxe5 $11 {Komodo10}
) 24. Qxg5 Nxg5 25. Nf4 (25. h4 Ne6 26. Bh3 $16 {Komodo10}) 25... Kg7 26. Rd6
$16 Rxe5 27. Nd3 Re6 28. e5 (28. Rxe6 Nxe6 29. e5 f6 30. Bxb7 $16 {Komodo10})
28... Re7 29. Nxc5 Rxe5 30. Nxb7 $16 Re2 31. Kg1 Rxa2 32. c5 Nc8 33. Rd7 Ne6
34. Bd5 $16 Kf6 35. Bxe6 (35. h4 a5 36. c6 $14 {Komodo10}) 35... Kxe6 36. c6
Rc2 37. Nd8+ Ke5 38. Rxf7 h5 (38... Ke4 39. g4 Nd6 40. Rf2 Rc3 41. Kg2 Rxb3 42.
Rc2 a5 $11 {Komodo10; its not that easy to push through the c pawn}) 39. Rg7
Rd2 (39... Kf5 40. b4 a6 41. c7 Rc4 42. Kg2 Nd6 43. Re7 g5 44. Kf2 $16 {
Komodo10}) 40. Rd7 (40. c7) 40... Rc2 41. h4 Kf5 $11 42. b4 Kg4 43. Rd3 (43.
Rg7 Kxg3 44. Rxg6+ Kxh4 45. b5 $11) 43... Ne7 (43... a6 $11 {Komodo10}) 44. b5
Nf5 45. Ne6 a6 (45... Nxg3 46. Nd4 Rc5 47. Kf2 Ne4+ 48. Ke3 Nd6 49. Kd2 Nxb5
50. Nxb5 Rxc6 51. Rd4+ Kg3 52. Nc3 (52. Nxa7 Rc5 53. Rb4 g5 $11) 52... a5 53.
Nd5 Rc5 54. Nf4 Rc6 55. Ne2+ Kf3 56. Kd3 Rb6 $14 {Komodo10}) 46. b6 (46. c7 $16
axb5 47. Rd2 Rxd2 (47... Rc6 48. Kg2 $18) 48. c8=Q $18 {Komodo10}) 46... Rxc6 (
46... Rc1+ $1 {Komodo10} 47. Kf2 Rc2+ 48. Kf1 (48. Ke1 Rxc6 49. Nf4 Rxb6 $17)
48... Rc1+ $11) 47. b7 $16 Rb6 48. Nc5 Ne7 49. Kf2 (49. Rd8) 49... Rb2+ 50. Ke3
Rb5 (50... Kxg3 $5 51. Rd8 Nf5+ 52. Kd3 $18 {Komodo10}) 51. Rb3 $18 Rxb3+ 52.
Nxb3 Nc6 53. Ke4 (53. Na5) 53... a5 (53... Nb8) 54. Nxa5 Nb8 55. Kd5 Kxg3 56.
Nc6 Na6 57. Kd6 (57. Kc4 Kxh4 58. Kb5 Nc7+ 59. Ka5 $18 {Komodo10}) 57... Kxh4
58. Nb4 $18 1-0

[Event "32nd European Club Cup"]
[Site "Novi Sad"]
[Date "2016.11.06"]
[Round "1.29"]
[White "Heap, Gerry"]
[Black "Danchevski, Orce"]
[Result "0-1"]
[WhiteElo "2060"]
[BlackElo "2357"]
[Annotator "Rudy"]
[PlyCount "98"]
[EventDate "2016.11.06"]
[WhiteTeam "CAR"]
[BlackTeam "GAM"]

1. c4 e5 2. Nc3 Nf6 3. Nf3 Nc6 4. e3 (4. g3 {main}) 4... Be7 (4... Bb4 {main})
5. d3 (5. d4) 5... O-O 6. Be2 d5 7. cxd5 Nxd5 8. a3 a5 9. O-O Be6 10. Bd2 (10.
Qc2 {main}) 10... Nb6 11. Na4 Nxa4 (11... Nd7 {also}) 12. Qxa4 Bd7 $146 (12...
Qd7 {5 games} 13. Kh1 f6 (13... f5) 14. Rac1 Rfd8 15. Rg1 (15. Rc3 Bd6 {
Gausel-Gretarsson, Gausdal Eikrem mem 1998,1/2-1/2}) 15... Bd6 16. g4 g5 17.
Bc3 Bd5 18. Rg3 Qf7 $15 {Lendwai-Caruana, EU Cup 2011,0-1}) 13. Qc2 (13. Qe4 $5
) 13... Bd6 14. Rac1 Qe7 15. b4 (15. Bc3 Be6 16. d4 exd4 17. Nxd4 Nxd4 18. Bxd4
b6 19. Bf3 Rad8 $11 {Komodo10}) 15... axb4 16. axb4 b6 (16... Nxb4 17. Bxb4
Bxb4 18. Qxc7 Bd6 19. Qxb7 Ra2 20. Bd1 Rb8 21. Qd5 Rab2 $11 {Komodo10}) (16...
b5 17. Qb1 Rfb8 18. h3 Ra4 19. Bd1 Ra7 20. Bc3 f6 $15 {Komodo10}) 17. b5 (17.
Qc4 $11) 17... Na5 (17... Na7 18. d4 Bxb5 19. Bxb5 Nxb5 20. dxe5 Bxe5 21. Qb3
Na7 22. Nxe5 Qxe5 23. Bc3 Qb5 24. Qc2 Rfd8 25. Ba1 Rd7 $15 {Komodo10}) 18. d4
$14 f6 19. dxe5 fxe5 20. Bc3 (20. Bxa5 $14) (20. Bd3 $14) 20... e4 (20... Bf5)
21. Nd4 (21. Nd2 $14) 21... Rae8 $11 22. g3 Nb7 (22... Kh8) 23. Bc4+ (23. Nc6
$14) 23... Kh8 24. Bd5 Nc5 $11 25. Nc6 Qg5 26. Rcd1 Bh3 $17 27. Rfe1 Nd3 {
needs preparation} (27... Qf5 28. Bc4 Nd3 29. Nd4 {other moves lose} Qxf2+ 30.
Qxf2 Nxf2 31. Rd2 Nd3 32. Ra1 h6 $17 {Komodo10}) 28. Rxd3 exd3 29. Qxd3 $11 {
Wh has strong centre pawns for the exchange} Be6 30. Be4 (30. Bxe6 Rxe6 31. Bd4
$11) 30... Bf5 31. Bxf5 Qxf5 32. Qxf5 Rxf5 $15 33. Nd4 Rff8 (33... Rd5 $17) 34.
f4 Kg8 35. g4 (35. e4) 35... Bc5 36. Kg2 $2 (36. Kf2) 36... Rf7 (36... Bxd4 37.
Bxd4 Rxf4 $19 {time pressure}) 37. Kf3 Rd7 38. Re2 Rd5 39. Rc2 g6 40. h4 Kf7
41. f5 Re7 42. f6 Kxf6 (42... Re8 $19 43. g5 Rde5 44. Bd2 Re4 45. Kg3 Bd6+ 46.
Kh3 R8e5 47. Ra2 h6 $19 {Komodo10}) 43. Nc6+ Kf7 44. Nxe7 Kxe7 45. Bd4 (45. Ke4
$11) 45... Kd7 (45... Bxd4 46. exd4 Kd7 47. Rc6 Rxb5 48. Rf6 Ke8 49. Rc6 Kd8
50. Ke4 Rb1 $15 {Komodo10}) 46. Bb2 (46. Ke4 $11) (46. Bxc5 bxc5 47. e4 Rd3+
48. Kf4 Kd6 49. Ra2 $11 {Komodo10}) 46... h5 (46... Be7 47. Bc3 (47. g5 Rxb5
$19) 47... Rxb5 48. Be1 Rb1 49. Bg3 c5 $17 {Komodo10}) 47. Ke4 $11 Ke6 48. g5 (
48. Rg2 Be7 49. gxh5 Rxh5 50. Rxg6+ Kf7 51. Rg7+ Ke6 52. Bd4 Rxb5 53. Rg6+ Kd7
54. Rg7 Ke6 $11 {Komodo10}) 48... Rf5 $17 49. Be5 $2 Rxe5+ 0-1

[Event "32nd European Club Cup"]
[Site "Novi Sad"]
[Date "2016.11.06"]
[Round "1"]
[White "Stojcevski, Z."]
[Black "Van Kemenade, R."]
[Result "1-0"]
[WhiteElo "2316"]
[BlackElo "1969"]
[Annotator "Rudy"]
[PlyCount "115"]
[EventDate "2016.11.06"]

1. e4 e5 2. f4 exf4 3. Bc4 f5 4. Qe2 (4. exf5 Qh4+ 5. Kf1 f3 {1-6 hearthstones}
) 4... Qh4+ (4... fxe4 5. Qh5+ g6 6. Qe5+ Qe7 7. Qxh8 Nf6 {is risky} 8. Nc3 c6
9. Nge2 d5 10. Bxd5 cxd5 11. Nxf4 $18 {Komodo10}) 5. Kf1 (5. Kd1 {main, safer})
5... fxe4 6. Nc3 (6. Qxe4+ Be7 {4 Bl wins 3draws}) 6... Nf6 7. Nf3 {by
transposition} Qh6 $146 (7... Qh5 8. Nxe4 Be7 (8... Kd8 $11 {Komodo10}) 9.
Nxf6+ (9. d4 d5 10. Nxf6+ gxf6 11. Bb3 Nc6 12. Bxf4 Bg4 13. Ba4 Kf7 (13... O-O
{Komodo10}) 14. Bxc6 bxc6 15. c3 Rae8 $15 {Franke-Metger,Leipzig 1877,0-1})
9... gxf6 10. d4 d5 11. Bb5+ Kf7 12. Ne5+ {Llorente Zaro-Garcia Valer,Aragon
ch tm 2004,1-0}) 8. Nxe4 Be7 9. d4 Rf8 10. Bd2 Ng4 (10... Kd8) 11. Re1 Ne3+ (
11... Kd8) 12. Bxe3 fxe3 13. Qxe3 Qxe3 14. Rxe3 {so far part of opening
preparation via Komodo10} Nc6 15. c3 (15. Ke2 {Komodo10; considered by Wh})
15... Kd8 (15... Na5 16. Bd5 c6 17. Nd6+ Kd8 18. Nf7+ Ke8 $11 {pm analysis} 19.
Nd6+ Kd8 20. Nxc8 Bg5 21. Re5 Bf6 22. Rh5 Rxc8 23. Be4 Nc4 24. b3 Nd6 25. Bd3 (
25. Bxh7 Nb5 $15) 25... Re8 26. Kf2 h6 $11 {Komodo10}) 16. Ke1 (16. b4 a6 $11)
16... Na5 17. Bd3 d5 18. Ng3 (18. Neg5 Bxg5 19. Nxg5 h6 20. Nf3 Bf5 21. Re5
Bxd3 22. Rxd5+ Ke7 23. Rxa5 Kd6 24. Re5 Bc4 25. b3 Bd5 26. Rf1 $16 {Komodo10})
18... Nc4 {exposes the c4 pawn, but Bl wanted piece activity} (18... g6 $11 {
Komodo10. considered, expected by Wh & pm analysis}) (18... h6 19. Ne5 $16) 19.
Bxc4 dxc4 20. Ne5 Bg5 (20... Be6 21. Ng6 hxg6 22. Rxe6 Rf6 23. Re2 Kd7 $14 {
Komodo10}) (20... c5 $1 {Komodo10} 21. Nxc4 (21. d5 Kc7 22. Nxc4 Bg5 23. Rf3
Rxf3 24. gxf3 b5 25. d6+ Kc6 26. Ne5+ Kd5 27. Nd3 Bh4 28. Ke2 c4 29. Nb4+ Kxd6
30. Rd1+ Kc7 31. Rd4 Bxg3 32. hxg3 Bb7 33. a4 Re8+ 34. Kf2 Rf8 35. Nd5+ Bxd5
36. Rxd5 bxa4 37. Ra5 Rb8 38. Rxa7+ Kc6 39. Rxa4 Rxb2+ 40. Ke3 Kb5 41. Ra7 Rc2
$11) 21... cxd4 22. cxd4 b5 23. Ne5 Bb7 24. Ne4 (24. Rf1 Bxg2 $11) 24... Rc8
25. Kd2 Bxe4 26. Rxe4 Rf2+ 27. Kd3 Rcc2 $11) 21. Re2 b5 22. Ne4 Bf6 (22... Bh4+
23. g3 Be7 24. Nc6+ Kd7 25. Nxe7 Kxe7 26. Ng5+ Kd6 27. Nxh7 Rh8 28. Ng5 $16)
23. Nc5 (23. Rf1 Bh4+) 23... Bxe5 24. Rxe5 Re8 25. Rxe8+ Kxe8 26. Kd2 Rb8 27.
Re1+ Kf7 (27... Kf8) 28. Re5 Rb6 29. Ne4 Bb7 (29... Kf8 30. Rc5 Bb7 31. Ke3
Bxe4 32. Kxe4 Rg6 33. g3 c6 34. d5 $16 {Komodo10}) 30. d5 (30. Ng5+ Kg6 31. Ne6
Kf6 32. Nxc7 Bxg2 33. Rxb5 $16 {Komodo10}) 30... h6 (30... Rg6 31. g3 Bc8 32.
Ke3 Ra6 (32... h6 33. d6 cxd6 34. Rxb5 Ke7 35. Kd4 Re6 36. Rb4 Kd7 37. g4 (37.
Rxc4 Bb7 38. Nd2 Re2 39. Kd3 Rxh2 40. Ra4 a6 $11 {Komodo10}) 37... Re5 $14) 33.
a3 (33. Ng5+ Kg6 34. a3 Rd6 35. h4 h6 36. Ne4 Rd8 37. Kd4 Kf7 38. d6 cxd6 39.
Rxb5 $16 {Komodo10})) 31. Ke3 (31. g4) 31... b4 (31... Rg6 32. g3 Bc8 33. d6
cxd6 34. Rxb5 Ke7 35. Kd4 Re6 36. a4 $14 {Komodo10}) 32. Kd4 bxc3 33. bxc3 Rb2
(33... Ba8 34. Nc5 Rd6 35. g3 g6 36. Kxc4 $16 {Komodo10}) (33... g6 34. Nc5)
34. Rf5+ Kg6 (34... Ke7 {Zoran} 35. Rf2 Rxf2 36. Nxf2 c6 37. dxc6 Bxc6 38. g3
Bd7 39. Ne4 $16) 35. Rf2 Rb5 (35... Rb1 36. Kxc4 Rd1 37. Nd2 $18) (35... Rxf2
36. Nxf2 Kf5 37. Nd1 $1 (37. Kxc4 Ke5 38. Nd3+ Kd6 39. Nb4 a5 40. Nc6 $16 h5 (
40... Bxc6 41. dxc6 Kxc6 42. a4 $18) 41. g3 g5 42. a4 h4 43. Nxa5 Bxd5+ 44. Kb5
hxg3 45. hxg3 Ba8 46. Nb3 $16) 37... Kf4 38. Nb2 g5 39. Nxc4 $18 {Komodo10})
36. Nc5 $18 Ba8 (36... Bc8 37. Ne6 $18) 37. Rf8 Bxd5 38. Kxd5 Rb2 39. Ne6 Rxa2
(39... Kh7 40. Rf7 Rxg2 41. Rxc7 Rd2+ 42. Kxc4 Kg6 43. Rxa7 Rxh2 44. a4 h5 45.
a5 h4 46. a6 Ra2 47. Ra8 Kf7 48. Nc5 g5 49. a7 g4 50. Kb3 Rxa7 51. Rxa7+ Kf6
52. Kb4 $18 {Komodo10}) 40. Rf3 $1 Kh7 (40... Rb2 41. Rg3+ Kf6 42. Nxg7 a5 43.
Nh5+ Kf7 44. Rg7+ Kf8 45. Kxc4 a4 46. h3 a3 47. Rxc7 a2 48. Ra7 Rxg2 49. Kb3
$18 {Komodo19}) 41. Rg3 g5 42. Nxc7 Kg6 43. Kxc4 Kf5 44. Nd5 $1 h5 45. h3 Rd2 (
45... h4 46. Rg4 Ra4+ 47. Kc5 Rxg4 48. Ne3+ Ke4 49. Nxg4 $18 {Komodo10}) (45...
a5 46. Kc5 a4 47. c4 Re2 48. Kb4 g4 49. Kxa4 Kg5 50. hxg4 h4 51. Rf3 Rxg2 52.
Rf5+ Kh6 53. Rh5+ Kg7 54. Rxh4 $18 {Komodo10}) 46. Kc5 a5 47. c4 Kg6 (47... h4
48. Rg4 a4 49. Kb4 Ra2 50. c5 a3 51. c6 Ke6 52. c7 Rc2 53. Rc4 Rxc4+ 54. Kxc4
Kd7 55. Kb3) 48. h4 (48. Kd6 $18 {Komodo10}) 48... g4 49. Re3 (49. Kd6) 49...
Kf5 50. g3 Rf2 51. Kd6 Rf3 52. Re5+ (52. c5 Rxe3 53. Nxe3+ Ke4 54. Nc4 Kf3 55.
c6 Kxg3 56. c7 Kxh4 57. c8=Q Kg3 58. Qf5 {mating}) 52... Kg6 53. Nf4+ (53. c5)
53... Rxf4 54. gxf4 a4 (54... Kf6 55. c5 g3 56. c6 g2 57. Rg5) 55. c5 a3 56. c6
a2 57. Ra5 g3 58. Rxa2 (58. c7 g2 59. Rg5+ Kh6 60. c8=Q a1=Q 61. Qe6+ Kh7 62.
Qg8+ Kh6 63. Qg6#) 1-0

[Event "32nd European Club Cup"]
[Site "Novi Sad"]
[Date "2016.11.06"]
[Round "1.29"]
[White "Haigh, Tony"]
[Black "Dinev, Dejan"]
[Result "0-1"]
[WhiteElo "1810"]
[BlackElo "2297"]
[Annotator "Rudy"]
[PlyCount "66"]
[EventDate "2016.11.06"]
[WhiteTeam "CAR"]
[BlackTeam "GAM"]

1. d4 d5 2. Nf3 e6 3. c4 Nf6 4. Nc3 Be7 5. Bg5 O-O 6. cxd5 exd5 7. e3 c6 8. Bd3
Re8 9. O-O (9. Qc2 {main}) 9... Bg4 (9... Nbd7 {main}) 10. Qb3 {
Stockfish240716 & Komodo9.42} (10. h3 {main}) 10... Bc8 $146 (10... Qb6 11. Ne5
Be6 12. Qc2 h6 13. Bxf6 Bxf6 14. f4 $14 {Raap-Walter, Remote email 2013,1-0})
11. Qc2 (11. Bxf6 Bxf6 12. e4 dxe4 13. Nxe4 Nd7 (13... Bxd4 $2 14. Neg5 $18)
14. Rfe1 $14 {Komodo10}) 11... h6 12. Bxf6 (12. Bf4 $14) 12... Bxf6 $11 13. b4
b6 14. Rfc1 Bb7 15. Rab1 Nd7 16. Qb3 Nf8 17. Na4 a6 18. Nb2 g6 19. Bf1 Nd7 20.
Nd3 Kg7 21. g3 $11 (21. a4 $14) 21... h5 22. h4 b5 23. Nc5 Nxc5 24. dxc5 (24.
Rxc5 $11 {Komodo10}) 24... a5 (24... Bc8 $15) 25. a3 (25. a4 bxa4 26. Qxa4 axb4
27. Qxb4 Bc8 28. Nd4 Bd7 29. Qd2 $11 {Komodo10}) 25... axb4 26. axb4 Ra4 $15 {
Bl has a target} 27. Qd1 (27. Nd4 Bxd4 28. exd4 Qf6 29. Qb2 Re4 30. Rd1 Bc8 $15
{Komodo10}) 27... Re4 $17 28. Nd4 $2 (28. Qd2) 28... Bxd4 29. exd4 Qf6 $19 30.
Bg2 Rxd4 31. Qe1 Bc8 32. Rd1 Bf5 33. Ra1 Rdxb4 0-1

[Event "32nd European Club Cup"]
[Site "Novi Sad"]
[Date "2016.11.06"]
[Round "1"]
[White "Nikolovski, Nikola"]
[Black "Van Kemenade, J."]
[Result "1-0"]
[WhiteElo "2274"]
[BlackElo "1703"]
[Annotator "Rudy"]
[PlyCount "37"]
[EventDate "2016.11.06"]

1. e4 d6 2. Nc3 Nf6 (2... e5) 3. f4 c6 (3... g6) (3... e5) 4. Nf3 Qc7 (4... Qa5
) (4... Bg4 5. Be2 Nbd7 6. d4 (6. O-O) 6... Qa5 7. O-O e5 8. Be3 Be7 9. Qd2 O-O
10. fxe5 dxe5 11. dxe5 Nxe5 12. Nd5 Qd8 13. Nxe5 Nxe4 14. Nf6+ {Zeidler-R Van
Kemenade, WLS ch 2013,1-0}) 5. d4 Bg4 6. e5 (6. h3 {main} Bxf3 7. Qxf3 e5) 6...
Nd5 (6... Nfd7 {has been played, scores better, but Komodo10 doesn't like it}
7. h3 $16) 7. h3 $146 (7. Ne4 {main}) (7. Nxd5) 7... Nxc3 (7... Bf5 $5) 8. bxc3
Bxf3 9. Qxf3 e6 10. Bd3 (10. f5 exf5 11. Qxf5 dxe5 12. Bc4 f6 13. Be3 Be7 14.
dxe5 Nd7 15. exf6 Qg3+ 16. Qf2 Qxf2+ 17. Bxf2 Bxf6 18. O-O-O O-O-O 19. Be6 Kc7
20. Bg3+ Ne5 21. Rde1 Kd6 22. Bf5 g6 23. Bg4 Rde8 24. Re4 Re7 25. Rf1 Bg7 26.
Kb2 h5 27. Be2 Rhe8 $14 {Komodo10}) 10... Nd7 (10... g6 $14) 11. O-O Be7 (11...
g6) 12. Ba3 (12. f5 O-O-O 13. Qg4 dxe5 14. Qxg7 Rde8 15. Qxf7 exd4 16. fxe6 Nc5
17. Bf5 $18 {Komodo10}) 12... d5 (12... g6 13. c4 O-O $14 {Komodo10}) 13. Bxe7
Kxe7 14. f5 $18 Raf8 15. Qg3 (15. Qg4 g6 16. fxe6 fxe6 17. c4 $18 Nb6 18. Qh4+
Ke8 19. c5 Nc4 (19... Nd7 20. c4 $18 (20. Qg4 $18)) 20. Rf6 Qe7 21. Raf1 Kd7
22. Qf2 $18 {Komodo10}) 15... g6 16. fxe6 fxe6 17. Rxf8 Rxf8 (17... Nxf8 18. c4
Kd8 19. Rf1 Kc8 $16) 18. Qh4+ Ke8 19. Qxh7 $18 1-0

[Event "32nd European Club Cup"]
[Site "Novi Sad"]
[Date "2016.11.07"]
[Round "2.29"]
[White "Williams, A. Howard"]
[Black "Sreeves, Clement"]
[Result "0-1"]
[WhiteElo "2323"]
[BlackElo "2356"]
[Annotator "Rudy"]
[PlyCount "56"]
[EventDate "2016.11.06"]
[WhiteTeam "CAR"]
[BlackTeam "EDI"]

1. d4 Nf6 2. c4 g6 3. Nf3 Bg7 4. Nc3 d5 5. Bg5 O-O (5... Ne4 {main, text is a
complex gambit offer}) 6. Bxf6 (6. e3 {plays safe}) 6... Bxf6 7. cxd5 {Cloud
Engines} (7. Nxd5 {more frequent}) 7... c5 (7... c6 {main & Cloud Engines}) 8.
e3 (8. dxc6 {main & Cloud Engines} Nxc6 (8... bxc6 {Cloud Engines, not yet
played}) 9. e3 Qa5 10. Be2 e5 11. dxe5 Nxe5 12. O-O Nxf3+ 13. Bxf3 Be6 14. Bxb7
Rab8 15. Qf3 Bg7 16. Rac1 Rfd8 17. Rcd1 $11 {Hammes-Ftacnik, POR ch tm 2014,1/
2-1/2}) 8... Bg4 9. Be2 (9. dxc5 {Cloud Engines} Bxc3+ 10. bxc3 Qa5 11. Qd4
Bxf3 12. gxf3 Rc8 13. Qb4 Rxc5 14. Qxa5 Rxa5 15. Rb1 b6 $11 {Nisipeanu-Kilgus,
AUT ch tm 2016,1-0}) 9... Bxf3 (9... Qb6 10. Ne4 Nd7 11. Nxc5 Qxb2 (11... Nxc5
$11) 12. Rb1 (12. Ne4 $16) 12... Qxa2 13. Rxb7 (13. Nxd7 $11) 13... Nxc5 14.
dxc5 Qa5+ (14... Bc3+ 15. Kf1 Rab8 $19 {Komodo10}) 15. Nd2 $17 {Szatmary-Posa,
HUN ch tm 2001,1-0}) 10. Bxf3 cxd4 11. exd4 Qb6 12. Qd2 {Wh spent some 20 mins
thinking here} (12. Rb1 Bxd4 13. O-O Nd7 $11 {Hernandez Basante-Cicak, Dresden
ol 2008,0-1}) 12... Bxd4 $146 (12... Qxd4 13. Qxd4 Bxd4 14. d6 {
Landenbergue-Barlov, BielB 1990, draw agreed}) 13. O-O $11 Nd7 14. Rad1 (14.
Na4 Qf6 15. Rad1 Be5 16. d6 $11 {Komodo10}) 14... Bxc3 15. Qxc3 Rac8 16. Qa3
Qd6 17. Qxa7 {Cloud Engines} Ra8 18. Qe3 Rxa2 19. Rfe1 Re8 20. Qb3 Ra6 21. Re6
$2 {based on a miscalculation} (21. Rd2 $11) (21. h4 $11) (21. Qc3 $11) (21. g3
$11) 21... fxe6 $19 22. dxe6 Nc5 23. Qb5 Rd8 24. g3 Nd3 {the move missed} (
24... Qxd1+ 25. Bxd1 Rxd1+ 26. Kg2 Rc6 $19 {Komodo10}) 25. Be2 Rb6 26. Rxd3
Rxb5 27. Rxd6 Rxd6 28. Bxb5 Rb6 0-1

[Event "32nd European Club Cup"]
[Site "Novi Sad"]
[Date "2016.11.07"]
[Round "2.29"]
[White "Berry, Neil"]
[Black "Jones, Iolo C"]
[Result "1/2-1/2"]
[WhiteElo "2299"]
[BlackElo "2172"]
[Annotator "Rudy"]
[PlyCount "52"]
[EventDate "2016.11.06"]
[WhiteTeam "EDI"]
[BlackTeam "CAR"]

1. d4 Nf6 2. c4 e6 3. g3 Bb4+ 4. Bd2 Qe7 5. Nf3 Bxd2+ 6. Qxd2 O-O 7. Nc3 d6 8.
Bg2 Nbd7 9. O-O e5 10. e4 Re8 11. Rfe1 c6 12. Rad1 Nb6 13. b3 Bg4 14. h3 Bxf3
15. Bxf3 Rad8 16. Bg2 Nh5 17. Ne2 (17. Kh2 g6 18. Qe3 Ng7 19. f4 $11 {
Percivaldi-Jones , the previous round, 1-0}) 17... c5 18. dxc5 dxc5 19. Qa5 (
19. Qb2) 19... Nc8 20. Nc3 b6 21. Qa3 Rd4 (21... Nf6) 22. Nb5 Rd7 23. Nc3 Rd4
24. Nb5 Rd7 25. Nc3 Rd4 26. Nb5 (26. Nd5 $14 {Komodo10}) 26... Rd7 1/2-1/2